000 01426nam a2200349 a 4500
001 000109023
003 CHAP
005 20220329144034.0
008 140328s2013 mx sm |||||||spa d
010 _a105485
011 _a106457
040 _cCHAP
090 _aTesis
100 1 _aCastillo Castillo, Mónica
_9126124
245 1 0 _aComportamiento hidrológico de la subcuenca Degollado del Río Lerma para identificar zonas potenciales de recarga de acuíferos y propuesta de pago por servicios ambientales hidrológicos
_h[En línea]
_cpor Mónica Castillo Castillo y Miguel Martínez Hernández.
260 _aChapingo, Méx. :
_bEl autor,
_c2013.
500 _aPara ver el contenido del material haga clic en la liga
502 _aTesis (Ing. Agr. Esp. en Recursos Naturales Renovables) -- UACH. Departamento Ingeniería en Recursos Naturales Renovables
590 _aBATCH-UPD
_b05
_c20141002
_lUCH01
_h0859
590 _aBATCH
_b00
_c20181121
_lUCH01
_h0759
590 _aE5765TAJ
_b05
_c20140328
_lUCH01
_h1200
590 _aE5765TAJ
_b05
_c20140328
_lUCH01
_h1201
650 1 4 _aAgua
_xAbastecimiento
_xCostos.
_92238
650 1 4 _aBalance hídrico.
_99602
650 1 4 _aCuencas hidrológicas.
_930092
700 1 _aMartínez Hernández, Miguel
_9126125
856 _a1
_n0001399
856 _aFinding aid
_uhttp://10.13.5.2/tesis/sist109023.pdf
_zTeclea aquí
901 _aBK
942 _cTESIS
942 _n0
999 _c105485
_d105485